10 najbardziej wysuniętych na południe stanów USA - Statystyki

Ogólne statystyki
  • Ten quiz został rozwiązany 13 razy
  • Średni wynik to 7 z 10
Statystyki odpowiedzi
Szerokość Stan % Poprawnych
24,52 °N Floryda
100%
25,84 °N Teksas
100%
18,91 °N Hawaje
92%
31,33 °N Nowy Meksyk
83%
30,19 °N Alabama
75%
30,36 °N Georgia
67%
28,92 °N Luizjana
67%
31,33 °N Arizona
58%
30,22 °N Missisipi
58%
32,02 °N Karolina Południowa
33%
Nie znaleziono quizów pasujących do podanych kryteriów
Rozkład punktacji
Procent ludzi z każdym wynikiem
Percentyl według liczby udzielonych odpowiedzi
Twoja historia wyników
Nie rozwiązałeś tego quizu